000 00404nam a2200145Ia 4500
008 210210b1982 xxu||||| |||| 00| 0 eng d
082 _a330.9054 CAMB
100 _aCAMBRIDGE
245 _aCambridge economic history of India Vol 2: c 1757-c 1970
260 _aHyderabad
_bOrient Longman
_c1982
300 _axvi,1073
650 _aEconomic history India
690 _aEconomic History
906 _a036577
999 _c87003
_d87003